| 000 | 00914nam a2200181Ia 4500 | ||
|---|---|---|---|
| 008 | 090630s9999 xx 000 0 und d | ||
| 082 | _b14976 | ||
| 100 | _aगाडगीळ / कोल्हटकर. | ||
| 245 |
_aप्रयोगशालेय नैदानिक तंत्रविद्या. _cगाडगीळ / कोल्हटकर. |
||
| 260 |
_bमहाराष्ट्र विद्यापीठ ग्रंथनिर्मिती मंडळ - नागपूर. _c1976 |
||
| 300 | _a157 | ||
| 600 | _aगाडगीळ / कोल्हटकर. | ||
| 630 | _aप्रयोगशालेय नैदानिक तंत्रविद्या. | ||
| 655 | _aइतर. | ||
| 700 | _aगाडगीळ / कोल्हटकर. | ||
| 730 | _aप्रयोगशालेय नैदानिक तंत्रविद्या. | ||
| 942 | _cBOOK | ||
| 999 |
_c266832 _d266832 |
||